A arte de Navegar (Record no. 45457)

MARC details
000 -Etiqueta do registo
Valores 00530cam a22001811 4500
100 ## - Dados gerais de processamento
Dados gerais 19931213d1943 km y0pory5003 ba
101 0# - Língua de publicação
Língua por
102 ## - País de publicação
País PT
200 1# - Titulo e menção de responsabilidade
Título próprio A arte de Navegar
Primeira menção de responsabilidade Jaime do Inso
210 #9 - Publicação
Local de publicação Lisboa
Nome do editor Edições Cosmos,
Data de publicação imp. 1943
215 ## - Descrição física 
Paginação / Volumes 197, [24 ] p.
Outras indicações físicas il.
Dimensões 20 cm
225 2# - Colecção 
Título próprio da colecção Biblioteca Cosmos
Indicação de volume 48-49.
Número de parte ou secção 1.ª Seccão,
Nome de parte ou secção Ciências e Técnicas. Matemática e Cosmologia
Indicação de volume 21-22
675 ## - CDU
Notação 528
700 #1 - Autor principal
Apelido Inso,
Nome Jaime do,
Datas 1880-1967
801 #0 - Fonte de origem
País PT
Agência BN
Regras de catalogação RPC
990 ## - Elementos KOHA
Tipo de documento Livro
Holdings
Aquisição Empréstimo Código de barras Cota Permissão de empréstimo Tipo de documento Nota relativa ao exemplar
Biblioteca Municipal de Redondo Biblioteca Municipal de Redondo 056177 528 INS Consulta presencial Livro oferta de Vergílio Ambrósio

Powered by Koha